000
00285nam a22001097a 4500
005
20251013094006.0
008
251013b |||||||| |||| 00| 0 eng d
040
_c
PK-LaNCA
082
_a
721
_b
LEO
245
_a
Leopold Eidlitz: architecture and idealism inthe gilded age
942
_c
BK
999
_c
66965
_d
66965